Piłkarze Reprezentacji Sudanu Południowego - nagła śmierć - Statystyki

Ogólne statystyki
  • Ten quiz został rozwiązany 4 razy
  • Średni wynik to 2 z 9
Answers on the Grid
Answers color-coded by a green-red scale on the quiz's grid according to % correct below.
Alieu Fadera
Atak Lual
Mohamed Eisa
Peter Maker
Valentino Yuel
Luís Leal
Peter Chol
Gédéon Kalulu
Tito Okello
Keer Majak
Aaron Appindangoyé
Paul Puk Kun Pal
William Gama
Chan Yak
 
Statystyki odpowiedzi
Odpowiedź % Poprawnych
Tito Okello
50%
Chan Yak
25%
Paul Puk Kun Pal
25%
Peter Chol
25%
Valentino Yuel
25%
Atak Lual
0%
Keer Majak
0%
Peter Maker
0%
William Gama
0%
Nie znaleziono quizów pasujących do podanych kryteriów
Rozkład punktacji
Procent ludzi z każdym wynikiem
Percentyl według liczby udzielonych odpowiedzi
Twoja historia wyników
Nie rozwiązałeś tego quizu